{"text_format":"3","workbook":"xlsx","n_sheets":1,"sheets":["t425"],"read":"whole","date_system":"1900"}

{"sheet":"t425","index":0,"n_rows":176,"n_cols":7,"rows_kept":176,"merged":[[0,0,0,6],[30,0,30,5],[47,0,47,5],[146,0,146,5]]}
["TABELA 425.1 - Estatísticas Agrícolas, Município de Piquerobi, Estado de São Paulo, 2007/08."]
["ITEM","UNIDADE","N.DE UPAs","MÍNIMO","MÉDIO","MÁXIMO","TOTAL"]
["Distância à sede do município","km",349,0.1,{"v":9.45,"d":"9.5"},{"v":40,"d":"40.0"},"-"]
["Área total","hectare",349,0.5,{"v":131.37,"d":"131.4"},{"v":2523.2,"d":"2,523.2"},{"v":45847.6,"d":"45,847.6"}]
["Área com cultura perene","hectare",18,0.1,{"v":1.38,"d":"1.4"},13.3,24.8]
["Área com cultura temporária","hectare",84,0.1,44.3,{"v":1777.5,"d":"1,777.5"},{"v":3721.1,"d":"3,721.1"}]
["Área com pastagem","hectare",339,0.4,{"v":116.07,"d":"116.1"},{"v":2331.2,"d":"2,331.2"},{"v":39347.2,"d":"39,347.2"}]
["Área com reflorestamento","hectare",64,0.1,{"v":5.32,"d":"5.3"},{"v":63,"d":"63.0"},340.2]
["Área com vegetação natural","hectare",143,0.1,{"v":11.11,"d":"11.1"},{"v":200,"d":"200.0"},{"v":1589.1,"d":"1,589.1"}]
["Área com vegetação de brejo e várzea","hectare",99,0.1,{"v":4.57,"d":"4.6"},72.6,452.4]
["Área em descanso","hectare",3,{"v":1,"d":"1.0"},1.5,{"v":2,"d":"2.0"},4.5]
["Área complementar","hectare",293,0.1,{"v":1.26,"d":"1.3"},{"v":12,"d":"12.0"},368.3]
["Área das UPAs com (0, 1] ha","hectare",3,0.5,{"v":0.73,"d":"0.7"},{"v":1,"d":"1.0"},2.2]
["Área das UPAs com (1, 2] ha","hectare",6,1.5,{"v":1.72,"d":"1.7"},{"v":2,"d":"2.0"},10.3]
["Área das UPAs com (2, 5] ha","hectare",18,2.4,{"v":3.39,"d":"3.4"},4.8,61.1]
["Área das UPAs com (5, 10] ha","hectare",30,{"v":6,"d":"6.0"},{"v":7.52,"d":"7.5"},9.7,225.7]
["Área das UPAs com (10, 20] ha","hectare",62,10.1,{"v":15.11,"d":"15.1"},19.5,{"v":937,"d":"937.0"}]
["Área das UPAs com (20, 50] ha","hectare",88,20.1,32.8,48.4,{"v":2886.4,"d":"2,886.4"}]
["Área das UPAs com (50, 100] ha","hectare",41,50.8,{"v":76.07,"d":"76.1"},{"v":99,"d":"99.0"},{"v":3118.9,"d":"3,118.9"}]
["Área das UPAs com (100, 200] ha","hectare",35,101.8,{"v":151.04,"d":"151.0"},197.8,{"v":5286.4,"d":"5,286.4"}]
["Área das UPAs com (200, 500] ha","hectare",45,205.7,310.9,498.4,{"v":13990.7,"d":"13,990.7"}]
["Área das UPAs com (500, 1.000] ha","hectare",17,517.9,{"v":724.31,"d":"724.3"},993.6,{"v":12313.3,"d":"12,313.3"}]
["Área das UPAs com (1.000, 2.000] ha","hectare",3,{"v":1275.5,"d":"1,275.5"},{"v":1497.47,"d":"1,497.5"},{"v":1837.5,"d":"1,837.5"},{"v":4492.4,"d":"4,492.4"}]
["Área das UPAs com (2.000, 5.000] ha","hectare",1,{"v":2523.2,"d":"2,523.2"},{"v":2523.2,"d":"2,523.2"},{"v":2523.2,"d":"2,523.2"},{"v":2523.2,"d":"2,523.2"}]
["Área das UPAs com (5.000, 10.000] ha","hectare","-","-","-","-","-"]
["Área das UPAs acima de 10.000 ha","hectare","-","-","-","-","-"]
["Familiares do proprietário que trabalham na UPA","unidade",328,{"v":1,"d":"1.0"},{"v":1.51,"d":"1.5"},{"v":5,"d":"5.0"},{"v":494,"d":"494.0"}]
["Trabalhadores permanentes","unidade",109,{"v":1,"d":"1.0"},{"v":1.53,"d":"1.5"},{"v":8,"d":"8.0"},{"v":167,"d":"167.0"}]
["Fonte: Secretaria de Agricultura e Abastecimento, CDRS/IEA, Projeto LUPA."]
[]
["TABELA 425.2 - Explorações Animais, Município de Piquerobi, Estado de São Paulo, 2007/08."]
["ITEM","UNIDADE","N.DE UPAs","MÍNIMO","MÉDIO","MÁXIMO","TOTAL"]
["Apicultura","colmeias",4,{"v":5,"d":"5.0"},10.5,{"v":21,"d":"21.0"},{"v":42,"d":"42.0"}]
["Asininos E Muares","cabeças",11,{"v":1,"d":"1.0"},{"v":3.73,"d":"3.7"},{"v":14,"d":"14.0"},{"v":41,"d":"41.0"}]
["Avestruzes e Ema (Criadouro)","cabeças",1,{"v":14,"d":"14.0"},{"v":14,"d":"14.0"},{"v":14,"d":"14.0"},{"v":14,"d":"14.0"}]
["Avicultura de Corte","cabeças/ano",34,{"v":10,"d":"10.0"},{"v":28.38,"d":"28.4"},{"v":50,"d":"50.0"},{"v":965,"d":"965.0"}]
["Avicultura Ornamental/Decorativa/Exótica","cabeças",3,{"v":13,"d":"13.0"},{"v":79.33,"d":"79.3"},{"v":200,"d":"200.0"},{"v":238,"d":"238.0"}]
["Avicultura para Ovos","cabeças",33,{"v":2,"d":"2.0"},{"v":46.12,"d":"46.1"},{"v":120,"d":"120.0"},{"v":1522,"d":"1,522.0"}]
["Bovinocultura de Corte","cabeças",172,{"v":2,"d":"2.0"},{"v":206.86,"d":"206.9"},{"v":2150,"d":"2,150.0"},{"v":35580,"d":"35,580.0"}]
["Bovinocultura Leiteira","cabeças",11,{"v":10,"d":"10.0"},{"v":32.36,"d":"32.4"},{"v":80,"d":"80.0"},{"v":356,"d":"356.0"}]
["Bovinocultura Mista","cabeças",164,{"v":3,"d":"3.0"},{"v":64.16,"d":"64.2"},{"v":1000,"d":"1,000.0"},{"v":10522,"d":"10,522.0"}]
["Caprinocultura","cabeças",2,{"v":30,"d":"30.0"},{"v":35,"d":"35.0"},{"v":40,"d":"40.0"},{"v":70,"d":"70.0"}]
["Equinocultura","cabeças",245,{"v":1,"d":"1.0"},{"v":4.38,"d":"4.4"},{"v":50,"d":"50.0"},{"v":1073,"d":"1,073.0"}]
["Ovinocultura","cabeças",34,{"v":2,"d":"2.0"},{"v":38.91,"d":"38.9"},{"v":150,"d":"150.0"},{"v":1323,"d":"1,323.0"}]
["Suinocultura","cabeças",49,{"v":2,"d":"2.0"},19.8,{"v":200,"d":"200.0"},{"v":970,"d":"970.0"}]
["Fonte: Secretaria de Agricultura e Abastecimento, CDRS/IEA, Projeto LUPA."]
[]
["TABELA 425.3 -  Máquinas, Implementos e Benfeitorias, Município de Piquerobi, Estado de São Paulo, 2007/08."]
["ITEM","UNIDADE","N.DE UPAs","MÍNIMO","MÉDIO","MÁXIMO","TOTAL"]
["Arado Comum (Bacia, Aiveca)","Unidade",62,{"v":1,"d":"1.0"},{"v":1.24,"d":"1.2"},{"v":4,"d":"4.0"},{"v":77,"d":"77.0"}]
["Arado Escarificador","Unidade",7,{"v":1,"d":"1.0"},{"v":1,"d":"1.0"},{"v":1,"d":"1.0"},{"v":7,"d":"7.0"}]
["Arado Subsolador","Unidade",8,{"v":1,"d":"1.0"},{"v":1,"d":"1.0"},{"v":1,"d":"1.0"},{"v":8,"d":"8.0"}]
["Batedeira de Cereais","Unidade",10,{"v":1,"d":"1.0"},1.2,{"v":3,"d":"3.0"},{"v":12,"d":"12.0"}]
["Carregadeira de Cana","Unidade",10,{"v":1,"d":"1.0"},1.1,{"v":2,"d":"2.0"},{"v":11,"d":"11.0"}]
["Colhedeira Acoplada","Unidade",5,{"v":1,"d":"1.0"},1.2,{"v":2,"d":"2.0"},{"v":6,"d":"6.0"}]
["Colhedeira Automotriz","Unidade",4,{"v":1,"d":"1.0"},{"v":1,"d":"1.0"},{"v":1,"d":"1.0"},{"v":4,"d":"4.0"}]
["Conj.Irrigação Autopropelido","Unidade",1,{"v":1,"d":"1.0"},{"v":1,"d":"1.0"},{"v":1,"d":"1.0"},{"v":1,"d":"1.0"}]
["Conj.Irrigação Convencional","Unidade",6,{"v":1,"d":"1.0"},1.5,{"v":4,"d":"4.0"},{"v":9,"d":"9.0"}]
["Conj.Irrigação/Gotejamento/Microaspersão","Unidade",1,{"v":1,"d":"1.0"},{"v":1,"d":"1.0"},{"v":1,"d":"1.0"},{"v":1,"d":"1.0"}]
["Conjunto de Fenação","Unidade",2,{"v":1,"d":"1.0"},{"v":1,"d":"1.0"},{"v":1,"d":"1.0"},{"v":2,"d":"2.0"}]
["Desintegrador de Palha (Plantio Direto)","Unidade",2,{"v":1,"d":"1.0"},{"v":1,"d":"1.0"},{"v":1,"d":"1.0"},{"v":2,"d":"2.0"}]
["Desintegrador, Picador, Triturador","Unidade",99,{"v":1,"d":"1.0"},{"v":1.07,"d":"1.1"},{"v":3,"d":"3.0"},{"v":106,"d":"106.0"}]
["Distribuidor de Calcário","Unidade",15,{"v":1,"d":"1.0"},1.2,{"v":2,"d":"2.0"},{"v":18,"d":"18.0"}]
["Ensiladeira","Unidade",15,{"v":1,"d":"1.0"},{"v":1.13,"d":"1.1"},{"v":2,"d":"2.0"},{"v":17,"d":"17.0"}]
["Grade Aradora (Tipo Romi)","Unidade",20,{"v":1,"d":"1.0"},{"v":1.25,"d":"1.3"},{"v":2,"d":"2.0"},{"v":25,"d":"25.0"}]
["Grade Niveladora","Unidade",56,{"v":1,"d":"1.0"},{"v":1.13,"d":"1.1"},{"v":2,"d":"2.0"},{"v":63,"d":"63.0"}]
["Implementos para Tração Animal","Unidade",78,{"v":1,"d":"1.0"},{"v":2.03,"d":"2.0"},{"v":7,"d":"7.0"},{"v":158,"d":"158.0"}]
["Misturador de Ração","Unidade",9,{"v":1,"d":"1.0"},{"v":1,"d":"1.0"},{"v":1,"d":"1.0"},{"v":9,"d":"9.0"}]
["Ordenhadeira Mecânica","Unidade",10,{"v":1,"d":"1.0"},{"v":1,"d":"1.0"},{"v":1,"d":"1.0"},{"v":10,"d":"10.0"}]
["Pulverizador Tratorizado","Unidade",23,{"v":1,"d":"1.0"},1.3,{"v":4,"d":"4.0"},{"v":30,"d":"30.0"}]
["Resfriador de Leite, Tanque Expansão","Unidade",14,{"v":1,"d":"1.0"},{"v":1,"d":"1.0"},{"v":1,"d":"1.0"},{"v":14,"d":"14.0"}]
["Semeadeira/Adubadeira para Plantio Convencional","Unidade",26,{"v":1,"d":"1.0"},{"v":1.04,"d":"1.0"},{"v":2,"d":"2.0"},{"v":27,"d":"27.0"}]
["Semeadeira/Plantadeira Plantio Direto","Unidade",14,{"v":1,"d":"1.0"},{"v":1.21,"d":"1.2"},{"v":2,"d":"2.0"},{"v":17,"d":"17.0"}]
["Terraceador","Unidade",8,{"v":1,"d":"1.0"},{"v":1,"d":"1.0"},{"v":1,"d":"1.0"},{"v":8,"d":"8.0"}]
["Trator de Esteiras","Unidade",1,{"v":1,"d":"1.0"},{"v":1,"d":"1.0"},{"v":1,"d":"1.0"},{"v":1,"d":"1.0"}]
["Trator de Pneus","Unidade",81,{"v":1,"d":"1.0"},{"v":1.26,"d":"1.3"},{"v":3,"d":"3.0"},{"v":102,"d":"102.0"}]
["Açude/Represa","Unidade",161,{"v":1,"d":"1.0"},{"v":2.43,"d":"2.4"},{"v":25,"d":"25.0"},{"v":391,"d":"391.0"}]
["Almoxarifado/Oficina","Unidade",10,{"v":1,"d":"1.0"},1.1,{"v":2,"d":"2.0"},{"v":11,"d":"11.0"}]
["Armazém para Grãos Ensacados","Sacas",12,{"v":1,"d":"1.0"},{"v":159.42,"d":"159.4"},{"v":1000,"d":"1,000.0"},{"v":1913,"d":"1,913.0"}]
["Balança para Bovinos","Unidade",35,{"v":1,"d":"1.0"},{"v":1,"d":"1.0"},{"v":1,"d":"1.0"},{"v":35,"d":"35.0"}]
["Balança para Veículos","Unidade",2,{"v":1,"d":"1.0"},{"v":1,"d":"1.0"},{"v":1,"d":"1.0"},{"v":2,"d":"2.0"}]
["Barracão para Granja/Avicultura","Unidade",3,{"v":1,"d":"1.0"},{"v":1,"d":"1.0"},{"v":1,"d":"1.0"},{"v":3,"d":"3.0"}]
["Barracão/Galpão/Garagem","Unidade",124,{"v":1,"d":"1.0"},{"v":1.27,"d":"1.3"},{"v":5,"d":"5.0"},{"v":157,"d":"157.0"}]
["Casa de Moradia Habitada","Unidade",187,{"v":1,"d":"1.0"},{"v":1.41,"d":"1.4"},{"v":8,"d":"8.0"},{"v":263,"d":"263.0"}]
["Casa de Moradia Total","Unidade",245,{"v":1,"d":"1.0"},1.7,{"v":8,"d":"8.0"},{"v":417,"d":"417.0"}]
["Curral/Mangueira","Unidade",225,{"v":1,"d":"1.0"},{"v":1.03,"d":"1.0"},{"v":2,"d":"2.0"},{"v":232,"d":"232.0"}]
["Depósito/Tulha","Unidade",187,{"v":1,"d":"1.0"},{"v":1.27,"d":"1.3"},{"v":6,"d":"6.0"},{"v":237,"d":"237.0"}]
["Estábulo","Unidade",9,{"v":1,"d":"1.0"},{"v":1,"d":"1.0"},{"v":1,"d":"1.0"},{"v":9,"d":"9.0"}]
["Fábrica de Ração","Unidade",1,{"v":1,"d":"1.0"},{"v":1,"d":"1.0"},{"v":1,"d":"1.0"},{"v":1,"d":"1.0"}]
["Instalações para Equinos","Unidade",7,{"v":1,"d":"1.0"},{"v":6,"d":"6.0"},{"v":34,"d":"34.0"},{"v":42,"d":"42.0"}]
["Máquina de Benefício","Unidade",4,{"v":1,"d":"1.0"},{"v":1.25,"d":"1.3"},{"v":2,"d":"2.0"},{"v":5,"d":"5.0"}]
["Pocilga","Unidade",21,{"v":1,"d":"1.0"},{"v":1.05,"d":"1.1"},{"v":2,"d":"2.0"},{"v":22,"d":"22.0"}]
["Poço Semi-Artesiano","Unidade",85,{"v":1,"d":"1.0"},{"v":1.07,"d":"1.1"},{"v":2,"d":"2.0"},{"v":91,"d":"91.0"}]
["Silo para Silagem","t",15,{"v":1,"d":"1.0"},{"v":705,"d":"705.0"},{"v":10000,"d":"10,000.0"},{"v":10575,"d":"10,575.0"}]
["Terreiro","m²",1,{"v":1,"d":"1.0"},{"v":1,"d":"1.0"},{"v":1,"d":"1.0"},{"v":1,"d":"1.0"}]
["Fonte: Secretaria de Agricultura e Abastecimento, CDRS/IEA, Projeto LUPA."]
[]
["TABELA 425.4 - Outras Estatísticas Agrícolas, Município de Piquerobi, Estado de São Paulo, 2007/08."]
["ITEM","Número de UPAs",null,"Percentual"]
["Faz Parte de Associação de Produtores",123,null,{"v":35.24355300859599,"d":"35.2"}]
["Faz Parte de Cooperativa de Produtores",90,null,{"v":25.787965616045845,"d":"25.8"}]
["Faz Parte do Sindicato de Produtores",47,null,{"v":13.467048710601718,"d":"13.5"}]
["Não utiliza assistência técnica ",92,null,{"v":26.361031518624642,"d":"26.4"}]
["Utiliza somente assistência técnica governamental ",149,null,{"v":42.693409742120345,"d":"42.7"}]
["Utiliza somente assistência técnica privada ",44,null,{"v":12.607449856733524,"d":"12.6"}]
["Utiliza assistência técnica tanto governamental quanto privada",64,null,{"v":18.33810888252149,"d":"18.3"}]
["Utiliza Crédito Rural",58,null,{"v":16.6189111747851,"d":"16.6"}]
["Utiliza Seguro Rural",3,null,{"v":0.8595988538681949,"d":"0.9"}]
["Utiliza Escrituração Agrícola",215,null,{"v":61.60458452722063,"d":"61.6"}]
["Acessa Internet p/ Fins na Agropecuária",68,null,{"v":19.484240687679083,"d":"19.5"}]
["Utiliza Computador nas Atividades Agropecuárias",72,null,{"v":20.630372492836674,"d":"20.6"}]
["Utiliza Energia Elétrica Para Uso na Atividade Agrícola",296,null,{"v":84.81375358166189,"d":"84.8"}]
["Realiza Análise de Solo, quando necessário",143,null,{"v":40.97421203438395,"d":"41.0"}]
["Utiliza Práticas de Conservação de Solo, quando necessário",231,null,{"v":66.189111747851,"d":"66.2"}]
["Faz Adubação Mineral, quando necessário",106,null,{"v":30.37249283667622,"d":"30.4"}]
["Faz Adubação Orgânica, quando necessário",20,null,{"v":5.730659025787967,"d":"5.7"}]
["Faz Adubação Verde, quando necessário",3,null,{"v":0.8595988538681949,"d":"0.9"}]
["Utiliza Manejo Integrado de Pragas (MIP)","-",null,"-"]
["Utiliza Hidroponia","-",null,"-"]
["Utiliza Plasticultura","-",null,"-"]
["Utiliza Mudas Fiscalizadas",25,null,{"v":7.163323782234957,"d":"7.2"}]
["Utiliza Semente Melhorada",122,null,{"v":34.95702005730659,"d":"35.0"}]
["Faz Confinamento de Bovinos",5,null,{"v":1.4326647564469916,"d":"1.4"}]
["Utiliza Pastejo Intensivo",35,null,{"v":10.02865329512894,"d":"10.0"}]
["Faz Inseminação Artificial",4,null,{"v":1.146131805157593,"d":"1.1"}]
["Faz Mineralização do Rebanho",292,null,{"v":83.66762177650429,"d":"83.7"}]
["Faz Vermifugação do Rebanho",294,null,{"v":84.2406876790831,"d":"84.2"}]
["Possui Parceiros /Arrendatários na Exploração Animal",52,null,{"v":14.899713467048711,"d":"14.9"}]
["Esporte e lazer",2,null,{"v":0.5730659025787965,"d":"0.6"}]
["Extração mineral","-",null,"-"]
["Hotel Fazenda, Pousada ou SPA","-",null,"-"]
["Pesque-pague",1,null,{"v":0.28653295128939826,"d":"0.3"}]
["Restaurante ou Lanchonete",1,null,{"v":0.28653295128939826,"d":"0.3"}]
["Transformação artesanal","-",null,"-"]
["Turismo rural ou ecoturismo","-",null,"-"]
["Outras atividades econômicas rurais",3,null,{"v":0.8595988538681949,"d":"0.9"}]
["Agroindústria",1,null,{"v":0.28653295128939826,"d":"0.3"}]
["Proprietário sem instrução ou com instrução incompleta",18,null,{"v":5.157593123209169,"d":"5.2"}]
["Proprietário com antigo primário completo",168,null,{"v":48.137535816618914,"d":"48.1"}]
["Proprietário com 1° grau (ou antigo ginasial) completo",33,null,{"v":9.455587392550143,"d":"9.5"}]
["Proprietário com 2° grau (ou antigo colegial) completo",53,null,{"v":15.18624641833811,"d":"15.2"}]
["Proprietário com curso superior completo ",74,null,{"v":21.203438395415475,"d":"21.2"}]
["Pessoa Jurídica",3,null,{"v":0.8595988538681949,"d":"0.9"}]
["Proprietário residente na própria UPA ",59,null,{"v":16.9054441260745,"d":"16.9"}]
["Fonte: Secretaria de Agricultura e Abastecimento, CDRS/IEA, Projeto LUPA."]
[]
["TABELA 425.5 - Área Cultivada, Município de Piquerobi, Estado de São Paulo, 2007/08."]
["CULTURA","N.DE UPAs","MÍNIMO","MÉDIO","MÁXIMO","TOTAL"]
["Braquiaria",337,0.4,{"v":115.18,"d":"115.2"},{"v":2331.2,"d":"2,331.2"},{"v":38815,"d":"38,815.0"}]
["Cana-de-acucar",59,0.1,{"v":53.75,"d":"53.8"},{"v":1777.5,"d":"1,777.5"},{"v":3171.4,"d":"3,171.4"}]
["Coloniao",10,1.8,{"v":52.25,"d":"52.3"},{"v":240,"d":"240.0"},522.5]
["Milho",24,0.4,{"v":14.97,"d":"15.0"},{"v":65,"d":"65.0"},359.3]
["Eucalipto",64,0.1,{"v":5.32,"d":"5.3"},{"v":63,"d":"63.0"},340.2]
["Feijao",3,16.9,{"v":43.53,"d":"43.5"},84.7,130.6]
["Sorgo",1,24.2,24.2,24.2,24.2]
["Amendoim",1,19.4,19.4,19.4,19.4]
["Mandioca",7,0.1,{"v":2,"d":"2.0"},12.1,{"v":14,"d":"14.0"}]
["Seringueira",1,13.3,13.3,13.3,13.3]
["Capim-napier (ou capim-elefante)",1,{"v":5,"d":"5.0"},{"v":5,"d":"5.0"},{"v":5,"d":"5.0"},{"v":5,"d":"5.0"}]
["Coco-da-baia",3,0.3,{"v":1.57,"d":"1.6"},2.4,4.7]
["Gramas",2,2.3,{"v":2.35,"d":"2.4"},2.4,4.7]
["Pomar domestico",12,0.1,{"v":0.26,"d":"0.3"},0.5,3.1]
["Cafe",1,2.4,2.4,2.4,2.4]
["Couve (ou couve-crespa)",2,0.1,{"v":0.55,"d":"0.6"},{"v":1,"d":"1.0"},1.1]
["Laranja",1,0.5,0.5,0.5,0.5]
["Tangerina",1,0.5,0.5,0.5,0.5]
["Brocolos (ou brocolis)",1,0.2,0.2,0.2,0.2]
["Couve-flor",1,0.2,0.2,0.2,0.2]
["Cebolinha",2,0.1,0.1,0.1,0.2]
["Limao",1,0.2,0.2,0.2,0.2]
["Alface",2,0.1,0.1,0.1,0.2]
["Quiabo",1,0.1,0.1,0.1,0.1]
["Abobora (ou jerimum)",1,0.1,0.1,0.1,0.1]
["Beterraba",1,0.1,0.1,0.1,0.1]
["Uva rustica",1,0.1,0.1,0.1,0.1]
["Fonte: Secretaria de Agricultura e Abastecimento, CDRS/IEA, Projeto LUPA."]